000
00325 a2200157 4500
001
175639
020
_a
040
_c
Magnum
100
_a
Colasanti, Marina
240
1
0
_a
A nova mulher
_l
por
245
1
0
_a
A nova mulher
362
0
_a
1899
440
1
_a
CĂrculo do Livro
697
_a
MAGNITO: A/ROMANCE
942
_c
BK
999
_c
175639
_d
175639